Vista normal
Vista MARC
Entrada Personal Name
Número de registros utilizados en: 2
001 - CONTROL NUMBER
- control field: 4237
003 - CONTROL NUMBER IDENTIFIER
- control field: OSt
005 - DATE AND TIME OF LATEST TRANSACTION
- control field: 20200513105217.0
008 - FIXED-LENGTH DATA ELEMENTS
- fixed length control field: 200513|| aca||aabn | a|a d
040 ## - CATALOGING SOURCE
- Original cataloging agency: OSt
- Transcribing agency: OSt
100 ## - HEADING--PERSONAL NAME
- Personal name: Ribero, Maria del Pilar,
670 ## - SOURCE DATA FOUND
- Source citation: Work cat.: (OSt)5060: Echeverri Perico, Rafael, autor 4235, Colombia en transición de la crisis a la convivencia, una visión desde lo rural /, 1998